Analýza cieľov inovatívnej činnosti podnikov na Slovensku na základe prieskumu CIS2008
Analýza vybraných ukazovateľov podniku získaných z prieskumu inovatívnej činnosti podnikov s názvom CIS2008. Predmetom analýzy boli ciele inovačných činností. Analýza cieľov inovačných činností prostredníctvom faktorovej analýzy.
Enregistré dans:
| Auteur principal: | |
|---|---|
| Format: | Chapitre de livre |
| Langue: | slovaque |
| Sujets: | |
| Tags: |
Pas de tags, Soyez le premier à ajouter un tag!
|
MARC
| LEADER | 00000nla a2200000 4500 | ||
|---|---|---|---|
| 001 | 0181243 | ||
| 005 | 20240502073116.7 | ||
| 041 | 0 | |a slo | |
| 044 | |a SK | ||
| 245 | 1 | 0 | |a Analýza cieľov inovatívnej činnosti podnikov na Slovensku na základe prieskumu CIS2008 |c Jana Smrčková |
| 520 | |a Analýza vybraných ukazovateľov podniku získaných z prieskumu inovatívnej činnosti podnikov s názvom CIS2008. Predmetom analýzy boli ciele inovačných činností. Analýza cieľov inovačných činností prostredníctvom faktorovej analýzy. | ||
| 610 | 2 | 0 | |a ukazovatele |
| 610 | 2 | 0 | |a podnik |
| 610 | 2 | 0 | |a inovácia |
| 610 | 2 | 0 | |a Slovensko |
| 610 | 2 | 0 | |a analýza faktorová |
| 610 | 2 | 0 | |a technológie nové |
| 100 | 1 | |a Smrčková, Jana | |